LIBRARY & INFORMATION CENTRE, KCAET, TAVANUR

ONLINE PUBLIC ACCESS CATALOGUE (OPAC)

achivement of T.S.ELiot: on essays the nature of poetry / (Record no. 12300)

MARC details
000 -LEADER
fixed length control field 00399cam a2200145ua 4500
041 ## - LANGUAGE CODE
Language code of text/sound track or separate title eng
082 ## - DEWEY DECIMAL CLASSIFICATION NUMBER
Classification number 828.09
Item number MAT/AC
100 ## - MAIN ENTRY--AUTHOR NAME
Personal name Mathiessen, F.O .
245 ## - TITLE STATEMENT
Title achivement of T.S.ELiot: on essays the nature of poetry /
260 ## - PUBLICATION, DISTRIBUTION, ETC. (IMPRINT)
Place of publication Newdelhi :
Name of publisher Galgolia book house ,
Year of publication 1967.
300 ## - PHYSICAL DESCRIPTION
Number of Pages 249 ; .
942 ## - ADDED ENTRY ELEMENTS (KOHA)
Koha item type Books
Holdings
Withdrawn status Lost status Damaged status Home library Current library Date acquired Full call number Accession Number Koha item type
Withdrawn     KAUAET Malayalam University 07/04/2012 828.09 11700 Books
free website counter